000 00316nam a22001457a 4500
999 _c14537
_d14537
020 _a0070435065
022 _a978-0070435063
082 _a343.54099SOO
100 _aSood Vivek
245 _aCyberlaw Simplified
260 _aNew Delhi
_bMcGraw Hill
_c2014
300 _a598
650 _aCyberlaw
942 _cBK